Predpoklady včlenenia informačného zabezpečenia miestnej samosprávy do elektronického prostredia verejnej správy v rámci SR a Európskej únie

Informácia o zámeroch a cieľoch dizertačnej práce, ktorej obhajoba sa konala 5. mája 2010.

Gespeichert in:
Bibliographische Detailangaben
1. Verfasser: Bandurič, Igor, 1980-
Format: Buchkapitel
Sprache:Slowakisch
Schlagworte:
Tags: Tag hinzufügen
Keine Tags, Fügen Sie das erste Tag hinzu!

MARC

LEADER 00000naa a2200000 4500
001 0119995
005 20240502072336.7
041 0 |a slo 
044 |a SK 
245 1 0 |a Predpoklady včlenenia informačného zabezpečenia miestnej samosprávy do elektronického prostredia verejnej správy v rámci SR a Európskej únie  |c Igor Bandurič 
520 |a Informácia o zámeroch a cieľoch dizertačnej práce, ktorej obhajoba sa konala 5. mája 2010. 
610 2 0 |a práce kvalifikačné 
610 2 0 |a samospráva 
610 2 0 |a Európska únia 
610 2 0 |a Slovensko 
610 2 0 |a systémy informačné 
610 2 0 |a správa verejná elektronická 
100 1 |a Bandurič, Igor, 1980-